Представление документа в формате RUSMARC

ПолеНазваниеЗначение
  Тип записи i
  Библиографический уровень m
001 Контрольный номер 34433cc797864f77a0dc1210cae15277
005 Дата корректировки 20211217162022.4
010 Индекс ISBN __
b Уточнения в кор.
d Цена 411-00
100 Данные общей обработки __
a Данные общей обработки 20210204d2016####m y0rusy028902 ca
101 Язык документа 1_
a Язык текста rus
c Язык оригинала nnn
102 Страна публикации __
a Страна публикации RU
125 Кодированные данные звукозаписи и нотных изданий __
b Определитель литературного текста с
126 Кодированные данные (звукозаписи-физические характеристики) __
a Кодированные данные звукозаписи (общие) agbxhxx cd
127 Кодированные данные (звукозаписи-физические характеристики) __
a Продолжительность проигрывания 0542##
135 Кодированные данные (электронные ресурсы) __
a Кодированные данные (электронные ресурсы) aongannnauuuu
139 Кодированные данные (электронные ресурсы) __
a Кодированные данные (электронные ресурсы) caz
181 Поле кодированных данных: вид содержания _0
a Код вида содержания (ISBD) h
182 Поле кодированных данных: тип средства _0
a Код типа средства (ISBD) a
200 Заглавие и сведения об ответственности 1_
a Заглавие Дай вам бог здоровья, мистер Розуотер, или Не мечите бисера перед свиньями
f Первые сведения об ответственности Курт Воннегут
e Сведения, относящиеся к заглавию [аудиокнига]
g Последующие сведения об ответственности исполняет Сергей Чонишвили ; продюсер Владимир Воробьев ; перевод: Райт-Ковалева Рита
203 Вид содержания и тип средства __
a Вид содержания Устная речь
c Тип средства аудио
210 Выходные данные 1_
a Место издания Москва
c Издательство Союз
d Дата издания 2016
215 Физическое описание __
a Объем 1 электрон. опт. диск (CD-ROM) (4 ч. 51 мин.)
c Иллюстрации/тип воспроизводства зв.
d Формат 12 см
225 Серия 2_
a Серия Книга вслух
300 Общие примечания __
a Общие примечания Заглавие с этикетки диска
300 Общие примечания __
a Общие примечания Данные в формате MP3
330 Аннотация __
a Аннотация Один из самых забавных, остроумных и ироничных романов великого Воннегута. Бытовая фантасмагория в этом эксцентричном и едком произведении тесно переплетается с сатирой на быт и нравы Америки "золотого века" конца пятидесятых - начала шестидесятых годов прошлого века настолько тесно, что разделить их практически невозможно. Итак - добро пожаловать в фонд эксцентричного миллионера, который предается благотворительности и страсти к добровольным клубам содействия пожарникам. Он безумен? Это пытаются доказать бойкие юристы, нанятые его родственничками. Он здоров? Как ни странно, в этом уверены психиатры... Так что же все-таки происходит с почтенным мистером Розуотером?
333 Примечание о целевом назначении __
a Примечание о целевом назначении 16+. Для детей старше 16 лет
337 Примечание о системных требованиях (электронные ресурсы) __
a Примечание о системных требованиях (электронные ресурсы) Системные требования: персональный компьютер ; CD-плеер с поддержкой MP3, или Pentium-233 c Windows 9x-XP ; CD-ROM ; звуковая карта
517 Другие варианты заглавия 1_
a Другие варианты заглавия Не мечите бисера перед свиньями
606 Тематические рубрики __
a Основная рубрика Художественная литература
606 Тематические рубрики __
a Основная рубрика Литература Америки (произведения)
y Географическая подрубрика Америка
y Географическая подрубрика США
610 Ключевые слова 0_
a Ключевые слова американская литература
610 Ключевые слова 0_
a Ключевые слова романы
610 Ключевые слова 0_
a Ключевые слова политическая сатира
610 Ключевые слова 0_
a Ключевые слова ироничная проза
610 Ключевые слова 0_
a Ключевые слова психологическая проза
610 Ключевые слова 0_
a Ключевые слова философская проза
686 Индексы других классификаций __
2 Код системы rubbks
a Классификационный индекс 84(7Сое)6-4я04; ст84(7Сое)-4я0
700 Автор _1
a Фамилия Воннегут
b Имя К.
f Даты 1922-2007
g Полное личное имя Курт
4 Код отношения 070
702 Вторичная интеллектуальная ответственность _1
a Фамилия Райт-Ковалева
b Имя Р.
g Полное личное имя Рита
4 Код отношения 730
702 Вторичная интеллектуальная ответственность _1
a Фамилия Воробьев
4 Код отношения 665
b Имя В.
g Полное личное имя Владимир
702 Вторичная интеллектуальная ответственность _1
a Фамилия Чонишвили
b Имя С.
4 Код отношения 590
g Полное личное имя Сергей
801 Источник записи _0
a Страна ru
b Организация Муниципальное бюджетное учреждение культуры "Централизованная библиотечная система" г. Сургут (Центральная городская библиотека им. А. С. Пушкина)
c Дата составления 20210204
g Правила каталогизации PSBO
801 Источник записи _1
a Страна ru
b Организация Муниципальное бюджетное учреждение культуры "Централизованная библиотечная система" г. Сургут (Центральная городская библиотека им. А. С. Пушкина)
c Дата составления 20210204
g Правила каталогизации PSBO
852 Данные о местонахождении __
j Шифр хранения 84(7Сое)6-4я04
i Авторский знак В 73
900 Макрообъекты __
a Макрообъекты Дай вам бог здоровья, мистер Розуотер, или Не мечите бисера перед свиньями, 2016
901 Тип документа __
a Ответственный КиК/Мамарузиева
t Тип документа 0
903 Характеристики (МАРС) __
a Дата передачи 20210204
c Наименование библиотеки (МАРС) Муниципальное бюджетное учреждение культуры "Централизованная библиотечная система" г. Сургут (Центральная городская библиотека им. А. С. Пушкина)
969 Тип издания __
a Тип издания аудиокнига
a Тип издания издание для слепых
990 Данные о заказе (DOS) __
j Количество экземпляров (DOS) 3
t N записи в КСУ для И/У (DOS) 202102